Drones and Other Unmanned Weapons Systems under International Law
| Main Author: | |
|---|---|
| Format: | Unknown |
| Published: |
Brill Nijhoff
2018
|
| LEADER | 00241 a2200085 4500 | ||
|---|---|---|---|
| 020 | |a 9789004363250 | ||
| 100 | |a Stuart Casey- Maslen | ||
| 245 | |a Drones and Other Unmanned Weapons Systems under International Law | ||
| 260 | |b Brill |b Nijhoff |c 2018 | ||
| 999 | |c 43945 |d 43945 | ||